<?xml version="1.0" encoding="UTF-8"?>
<marc:record xmlns:marc="http://www.loc.gov/MARC21/slim">
   <marc:leader>00000nam a2200000 a 4500</marc:leader>
   <marc:datafield ind1="1" ind2=" " tag="100">
      <marc:subfield code="a">Ingelman-Sundberg, Catharina</marc:subfield>
      <marc:subfield code="4">aut</marc:subfield>
      <marc:subfield code="e">Verfasser/-in</marc:subfield>
   </marc:datafield>
   <marc:datafield ind1="0" ind2="0" tag="245">
      <marc:subfield code="a">Jetzt kriegt jeder was ab</marc:subfield>
   </marc:datafield>
   <marc:datafield ind1="0" ind2="0" tag="245">
      <marc:subfield code="b">Roman</marc:subfield>
   </marc:datafield>
   <marc:datafield ind1="0" ind2="0" tag="245">
      <marc:subfield code="c">Catharina Ingelman-Sundberg. Aus dem Schwed. von Stefanie Werner</marc:subfield>
   </marc:datafield>
   <marc:datafield ind1=" " ind2="1" tag="264">
      <marc:subfield code="a">Frankfurt, M.</marc:subfield>
      <marc:subfield code="b">Fischer Scherz</marc:subfield>
      <marc:subfield code="c">2015</marc:subfield>
   </marc:datafield>
   <marc:datafield ind1="1" ind2=" " tag="520">
      <marc:subfield code="a">Angaben aus der Verlagsmeldung

Jetzt kriegt jeder was ab : Roman Lana är silver, rana är guld / von Catharina Ingelman-Sundberg

MIT EIN BISSCHEN MOLTEBEERENLIKÖR ZOCKT ES SICH DOCH GLEICH VIEL LEICHTER.

Es war höchste Zeit, wieder etwas auf die Beine zu stellen.Denn wenn man sich langweilt, lebt man nicht. Ein wunderbarer Unterhaltungsroman von Catharina Ingelman-Sundberg über eine diebische Seniorengang und der große internationale Bestsellererfolg.

Haben Sie schon mal in Las Vegas ein Casino geknackt? Für Märtha, Snille, Kratze, Stina und Anna-Gret ist das kein Problem. Kluge Planung, sorgfältige Recherche und ihr hervorragend aufeinander eingespieltes Team machen diesen Coup zu einem Kinderspiel. Wieder zurück in Schweden, ist es an der Zeit, nicht nur das Geld an Arme und Alte zu verteilen, sondern auch höchste Zeit, sich einmal näher mit den neuen Nachbarn zu beschäftigen. Diese scheinen nämlich zu einer Rockerbande zu gehören und haben die fünf Freunde ihrerseits auch schon im Visier….
</marc:subfield>
   </marc:datafield>
   <marc:datafield ind1=" " ind2=" " tag="020">
      <marc:subfield code="a">9783651022294</marc:subfield>
      <marc:subfield code="9">9783651022294</marc:subfield>
   </marc:datafield>
   <marc:datafield ind1=" " ind2=" " tag="020">
      <marc:subfield code="a">3651022293</marc:subfield>
      <marc:subfield code="9">3651022293</marc:subfield>
   </marc:datafield>
   <marc:datafield ind1=" " ind2=" " tag="300">
      <marc:subfield code="a">379 S.</marc:subfield>
   </marc:datafield>
</marc:record>
